UBT Library

Morality and population policy / (Record no. 42102)

000 -LEADER
fixed length control field 00573cam a2200229 i 4500
001 - CONTROL NUMBER
control field 865170
005 - DATE AND TIME OF LATEST TRANSACTION
control field 20180208042857.0
008 - FIXED-LENGTH DATA ELEMENTS--GENERAL INFORMATION
fixed length control field 791023s1980 alu b 001 0 eng
010 ## - LIBRARY OF CONGRESS CONTROL NUMBER
LC control number 79023965
020 ## - INTERNATIONAL STANDARD BOOK NUMBER
International Standard Book Number 0817300333
020 ## - INTERNATIONAL STANDARD BOOK NUMBER
International Standard Book Number 0817300325 (pbk.)
040 ## - CATALOGING SOURCE
Original cataloging agency DLC
Transcribing agency DLC
Modifying agency DLC
041 ## - LANGUAGE CODE
Language code of text/sound track or separate title eng
080 ## - UNIVERSAL DECIMAL CLASSIFICATION NUMBER
Universal Decimal Classification number 176
082 00 - DEWEY DECIMAL CLASSIFICATION NUMBER
Classification number 176 BAY
100 1# - Rafti
Rafti 24
101 ## - Shkurtesa
Shkurtesa FIL
245 10 - TITLE STATEMENT
Title Morality and population policy /
Statement of responsibility, etc Michael D. Bayles.
504 ## - BIBLIOGRAPHY, ETC. NOTE
Bibliography, etc Bibliography: p. [136]-139.
906 ## - LOCAL DATA ELEMENT F, LDF (RLIN)
a 7
b cbc
c orignew
d 1
e ocip
f 19
g y-gencatlg
942 ## - ADDED ENTRY ELEMENTS (KOHA)
Source of classification or shelving scheme
Item type Books
Holdings
Withdrawn status Lost status Source of classification or shelving scheme Damaged status Not for loan Collection code Permanent location Current location Shelving location Date acquired Total Checkouts Full call number Barcode Date last seen Price effective from Koha item type
          Koleksioni i përgjithshem UBT - Lipjan UBT - Lipjan Koleksioni i përgjithshem 02/08/2018   176 BAY 002-2998619 02/08/2018 02/08/2018 Books
UBT Library © 2015-2024. All rights reserved University Education for Business and Technology